00561nam a2200181Ia 4500003000400000008004100004040001600045082001900061100003500080245008800115260004500203300001100248490000500259650003000264650001500294650003600309650003400345GCL140319s9999 xx 000 0 ara d aGCL / cGCL04a953.047bح ب1 aخضر احمد عطاالله10aبيت الحكمة فى عصر العباسين / cخضر احمد عطاالله a[S.N] : bدار الفكر العربى a518 ص a04aالعالم العربى04aتاريخ04aالتاريخ الاسلامى04aالدولة العباسية